| 000 | 00565nam a2200181Ia 4500 | ||
|---|---|---|---|
| 999 |
_c16543 _d16543 |
||
| 003 | OSt | ||
| 005 | 20200606115937.0 | ||
| 008 | 190216s9999||||xx |||||||||||||| ||und|| | ||
| 020 | _a9788186425732 | ||
| 040 | _cMESKC library | ||
| 082 |
_a954 _bSIN/S |
||
| 100 |
_aSingh, Radhubir _9185 |
||
| 245 | 0 |
_aShahide Aajam Bhagath Singh : _bKrantikari Sangharsh Ka Vaicharik Uthkarsh / _cDr. Radhubir Singh |
|
| 260 |
_bConfluence Prakashan, _c2008. _aNew Delhi : |
||
| 300 | _a328p | ||
| 650 | _aHindi | ||
| 942 |
_cBK _2ddc _h954 _iSIN/S _k954 _mSIN/S |
||